00601nam a2200205 4500003000400000005001700004008004100021020001600062040001800078050001500096100002900111245005600140264007900196300001800275336002200293337002400315338002400339942001500363999001700378OSt20260530115310.0260508b1973 |||a|||| |||| 001 0 eng d a02897026558 aICIbspacICI aTR685bP461 aJenkins, Nicholas93262210aPhoto Graphics:bPhotographic Techniques for design 1bStudio Visata • Van Nostrand Reinholdc1973aEstados Unidos de América a103 páginas atexto2rdacontent asin medio2rdamedia avolumen2rdacarrier 2lcccBKn1 c13287d13287